Οι επιδράσεις μιας διδακτικής παρέμβασης στις μαθησιακές διαδικασίες των μαθητών του δημοτικού σχολείου για τους ηλεκτρομαγνήτες : διπλωματική εργασία [μεταπτυχιακή εργασία]

Saved in:
Bibliographic Details
Main Author: Ανδρικοπούλου, Ευδοκία
Corporate Author: Πανεπιστήμιο Αιγαίου Σχολή Ανθρωπιστικών Επιστημών Τμήμα Επιστημών της Προσχολικής Αγωγής και του Εκπαιδευτικού Σχεδιασμού Πρόγραμμα Μεταπτυχιακών Σπουδών Διδακτική Θετικών Επιστημών και Τεχνολογίες της Πληροφορίας και της Επικοινωνίας στην Εκπαίδευση: Διεπιστημονική Προσέγγιση
Format: Thesis Book
Language:Greek
Published: 2016.
Subjects:
Online Access:http://hdl.handle.net/11610/23652
Tags: Add Tag
No Tags, Be the first to tag this record!

MARC

LEADER 00000cam a2200000 a 4500
001 1/113504
008 170327s2016####gr | ||| |||| ||gre||
040 |a GR-MyUa  |b gre  |c GR-MyUa  |e AACR2 
041 0 |a gre 
082 7 |a 371.33   |2 (23) 
100 1 |a Ανδρικοπούλου, Ευδοκία. 
245 1 3 |a Οι επιδράσεις μιας διδακτικής παρέμβασης στις μαθησιακές διαδικασίες των μαθητών του δημοτικού σχολείου για τους ηλεκτρομαγνήτες :   |b διπλωματική εργασία [μεταπτυχιακή εργασία] /   |c Ανδρικοπούλου Ευδοκία ; επιβλέπων καθηγητής: Σκουμιός Μιχαήλ.  
260 |c 2016.  
300 |a 146 σ. :   |b πίν., εικ. ;   |c 30 εκ.  
500 |a Μέλη εξεταστικής επιτροπής: Δημητρακοπούλου Αγγελική, Καλαβάσης Φραγκίσκος.  
502 |a Διατριβή (μεταπτυχιακή) – Πανεπιστήμιο Αιγαίου, Ρόδος, 2016. 
504 |a Βιβλιογραφία: σ. 111-117.  
506 0 |a Πλήρες κείμενο - Ελεύθερη πρόσβαση.  
650 0 |a Physics  |x Study and teaching (Elementary) 
650 0 |a Students  |x Attitudes. 
650 0 |a Science  |x Study and teaching (Elementary) 
650 0 |a Project method in teaching. 
650 0 |a Education, Elementary  |x Curricula  |z Greece. 
700 0 |a Σκουμιός, Μιχαήλ,  |e dgs 
710 2 |a Πανεπιστήμιο Αιγαίου   |b Σχολή Ανθρωπιστικών Επιστημών   |b Τμήμα Επιστημών της Προσχολικής Αγωγής και του Εκπαιδευτικού Σχεδιασμού   |b Πρόγραμμα Μεταπτυχιακών Σπουδών Διδακτική Θετικών Επιστημών και Τεχνολογίες της Πληροφορίας και της Επικοινωνίας στην Εκπαίδευση: Διεπιστημονική Προσέγγιση. 
852 |a INST  |b RHODES  |c DIATR  |e 20170327  |h 371.33 ΑΝΔ  |p 005400039230  |q 005400039230  |t MTXE  |y 23 
856 |u http://hdl.handle.net/11610/23652 
924 |a Ανδρικοπούλου   |b Ευδοκία  |y Ρόδος  |z 2016-06  
970 |z 27-03-2017